LEADER 01504nls 22002893a 450 001 996365148603316 005 20201118105134.0 011 $a1538-4667 100 $a19991001a19809999 s-- a 101 0 $aeng 102 $aUS 110 0 $aaga 135 $adrnc 200 1 $aEar and hearing$ethe official journal of the American Auditory Society 207 0$a1980- 210 1 $aHagerstown$cLippincott Williams & Wilkins$d1980- 326 $aBimestrale 330 $aDalla scienza di base dei disturbi dell'udito e dell'equilibrio all'elettrofisiologia uditiva all'amplificazione e ai fattori psicologici della perdita dell'udito,la rivistacopre tutti gli aspetti dei disturbi uditivi e vestibolari. Questa rivista multidisciplinare consolida i vari fattori che contribuiscono all'identificazione, alla riparazione e alla riabilitazione audiologica e vestibolare. È l'unica rivista che serve il diverso interesse di tutti i membri di questa comunità professionale: otologi, audiologi, educatori e coloro che sono coinvolti nella progettazione, produzione e distribuzione di sistemi di amplificazione. Gli articoli originali pubblicati sulla rivista si concentrano sulla valutazione, diagnosi e gestione dei disturbi uditivi e vestibolari 606 0 $aAudiologia$xPeriodici$2BNCF 676 $a617.8 712 01$aAmerican Auditory Society. 801 $aIT$bcba$gREICAT 912 $a996365148603316 959 $aEJ 969 $aER 996 $aEar and hearing$9797876 997 $aUNISA LEADER 03180nam 2200517 450 001 9910495737803321 005 20170629063015.0 010 $a2-35671-431-6 010 $a2-35671-235-6 024 7 $a10.4000/books.pressesmines.1853 035 $a(CKB)3710000000623478 035 $a(WaSeSS)IndRDA00075043 035 $a(FrMaCLE)OB-pressesmines-1853 035 $a(oapen)https://directory.doabooks.org/handle/20.500.12854/85751 035 $a(PPN)192168924 035 $a(EXLCZ)993710000000623478 100 $a20170629d2015 || | 101 0 $afre 135 $aur||||||||||| 181 $ctxt$2rdacontent 182 $cc$2rdamedia 183 $acr$2rdacarrier 200 10$aNains sans ge?ants $earchitecture de?centralise?e et services Internet /$fFrancesca Musiani ; pre?face de Geoffrey C. Bowker 205 $a2e e?dition. 210 $aParis$cPresses des Mines$d2015 210 1$aParis :$cPresses des Mines,$d2015. 215 $a1 online resource (275 pages) 225 0 $aSciences sociales 311 $a2-35671-146-5 330 $aLa décentralisation est au c?ur de la genèse de l'internet, dont l'objectif premier était de faire communiquer des machines hétérogènes et distantes, sans passer par un point unique. Aujourd'hui, la concentration domine, autour de macro-acteurs, ces « géants » dont les immenses fermes de serveurs voient passer l'essentiel du trafic du web. Pourtant, le principe originel n'a pas été entièrement abandonné et, dans tous les domaines d'application, des développeurs explorent des alternatives décentralisées. Ces « nains » proposent des moteurs de recherche, des réseaux sociaux, des espaces de stockage qui répartissent ressources et compétences entre les membres du réseau. Cet ouvrage explore les formes d'organisation décentralisées de l'internet : il montre comment un réseau qui répartit la responsabilité de son fonctionnement à ses marges, en s'organisant selon un modèle non - ou faiblement - hiérarchisé, peut se développer dans l'internet contemporain si fortement structuré. Un tel dispositif pose des questions d'organisation des marchés, d'efficacité des techniques, de durabilité des modèles, ainsi que de protection de la vie privée et de droit des données personnelles. Comme le fait remarquer Geoffrey Bowker dans sa préface, cet ouvrage nous conduit à interroger la gouvernance d'internet, et, pour comprendre cette question sociotechnique clef de notre temps, il nous faut analyser les alternatives au fonctionnement actuel. C'est précisément ce que fait, d'une manière fine et informée, Nains sans géants. 606 $aArchitecture 606 $aInternet service providers 610 $aIMS (protocole de réseaux d'ordinateurs) 610 $aréseaux sociaux 610 $adécentralisation 610 $ainternet 615 0$aArchitecture. 615 0$aInternet service providers. 700 $aMusiani$b Francesca$0914499 702 $aBowker$b Geoffrey C. 801 0$bWaSeSS 801 1$bWaSeSS 906 $aBOOK 912 $a9910495737803321 996 $aNains sans ge?ants$92866038 997 $aUNINA